| Поле | Инд. | ПП | Название | Значение |
|---|---|---|---|---|
| Тип записи | a | |||
| Библиографический уровень | m | |||
| 001 | Контрольный номер | RU/IS/BASE/463593022 | ||
| 005 | Дата корректировки | 20141006163731.3 | ||
| 040 | a | Служба первич. каталог. | НБ ТвГУ | |
| b | Код языка каталог. | rus | ||
| e | Правила каталог. | PSBO | ||
| 041 | 0_ | a | Код языка текста | rus |
| 080 | a | Индекс УДК | 911.9:712.25(47+57) | |
| 084 | a | Индекс другой классификации/Индекс ББК | Д9(2) | |
| 090 | a | Полочн. индекс | Д9(2) | |
| x | Авторский знак | Г 35 | ||
| 245 | 00 | a | Заглавие | География рекреационных систем СССР |
| c | Ответственность | [отв ред. В. С. Преображенский, В. М. Кривошеев] ; АН СССР, Ин-т географии | ||
| 260 | a | Место издания | Москва | |
| b | Издательство | Наука | ||
| c | Дата издания | 1980 | ||
| 300 | a | Объем | 218, [1] с., [1] л. к. | |
| b | Иллюстрации/ тип воспроизводства | табл., карты | ||
| 504 | a | Библиография | Библиогр.: с. 208-217 | |
| 520 | a | Аннотация | В монографии впервые проанализированы основные формы организации краткосрочного и длительного отдыха, санаторного лечения и туризма в пределах всей страны. Подробно освещена география отдельных функциональных сетей предприятий отдыха. Основное место отведено комплексной характеристике четырех зон и выделенных в их пределах двадцати рекреационных районов. В заключение анализируются тенденции, пути развития системы удовлетворения рекреационных потребностей населения. | |
| 653 | a | Ключевые слова | Рекреационная география | |
| 700 | 1_ | a | Другие авторы | Преображенский Владимир Сергеевич |
| q | Полное имя | Преображенский В. С. | ||
| 700 | 1_ | a | Другие авторы | Веденин Юрий Александрович |
| 700 | 1_ | a | Другие авторы | Данилова Наталья Анатольевна |
| 700 | 1_ | a | Другие авторы | Ерижева А. Х. |
| 901 | t | Тип документа | m | |
| 920 | a | Оператор | Поля | |
| a | Оператор | Конд | ||
| a | Оператор | Густ | ||
| a | Оператор | Стро | ||
| 930 | a | Новая/Ретро | новая | |
| 952 | c | Вид литературы | К рн | |
| 954 | a | Дата поступления на обработку | 20140922 | |
| c | Дата окончания ОНО | 20141006 | ||
| b | Дата поступления в ОК | 20140909 |